000 00650nam a2200229Ia 4500
003 OSt
005 20221006164732.0
006 a|||||r|||| 00| 0
007 ta
008 221006b |||||||| |||| 00| 0 hin d
024 _a5,131
037 _cTextual
040 _aFML
_cFML
_bhin
041 _2hin
_ahin
082 _aDeltaw25, I80, L7
100 _aDatt Gopal Au.
_9551265
245 0 _aSwami Haridas Ka sampraday Aur Iska Vaani Sahitya
260 _aNew Delhi
_bNational Publication House India
_c1977
300 _a312
_ccm.
942 _hDeltaw25, I80, L7
_cTEXL
_2CC
999 _c1118284
_d1118284